| 000 | 00643nam a2200229Ia 4500 | ||
|---|---|---|---|
| 005 | 20240201111819.0 | ||
| 008 | 131103s9999 xx 000 0 und d | ||
| 040 | _aLoreto College | ||
| 041 | _aEnglish | ||
| 082 |
_a370.15 _bCLA |
||
| 100 | _aClark,Donald H. | ||
| 245 | 4 |
_aThe Psychology of Education, _cDonald H.Clark |
|
| 250 | _a current issues and resourch | ||
| 260 |
_aNew York _bThe Free Press _c1967 |
||
| 300 |
_axiv,272 p. _b ill.,tables |
||
| 440 | _aCurrent Issues and Research In Education | ||
| 504 | _aIncludes index | ||
| 650 | _aEducation | ||
| 651 | _aEducational Psychology | ||
| 850 | _aLCLIB | ||
| 942 | _cBK | ||
| 999 |
_c3462 _d53941 |
||